Under the influence : (Record no. 11123)

000 -LEADER
fixed length control field 03438cam a2200481 i 4500
001 - CONTROL NUMBER
control field 20797519
005 - DATE AND TIME OF LATEST TRANSACTION
control field 20221230191729.0
008 - FIXED-LENGTH DATA ELEMENTS--GENERAL INFORMATION
fixed length control field 190102s2019 nyuae b 100 0deng d
010 ## - LIBRARY OF CONGRESS CONTROL NUMBER
LC control number 2019930029
020 ## - INTERNATIONAL STANDARD BOOK NUMBER
International Standard Book Number 9781948765152
Qualifying information (paperback)
020 ## - INTERNATIONAL STANDARD BOOK NUMBER
International Standard Book Number 1948765152
Qualifying information (paperback)
035 ## - SYSTEM CONTROL NUMBER
System control number (OCoLC)on1089592091
040 ## - CATALOGING SOURCE
Original cataloging agency YDX
Language of cataloging eng
Transcribing agency YDX
Description conventions rda
Modifying agency SYB
-- OCLCF
-- YDXIT
-- OCLCO
-- OCL
-- MUQ
-- CLU
-- OCLCQ
-- OCLCO
-- PAU
-- WAU
-- DLC
042 ## - AUTHENTICATION CODE
Authentication code lccopycat
050 00 - LIBRARY OF CONGRESS CALL NUMBER
Classification number NA2540
Item number .U563 2012
082 04 - DEWEY DECIMAL CLASSIFICATION NUMBER
Classification number 720
Edition number 23
245 00 - TITLE STATEMENT
Title Under the influence :
Remainder of title symposium /
Statement of responsibility, etc. edited by Ana Miljački.
264 #1 - PRODUCTION, PUBLICATION, DISTRIBUTION, MANUFACTURE, AND COPYRIGHT NOTICE
Place of production, publication, distribution, manufacture New York ;
-- Barcelona :
Name of producer, publisher, distributor, manufacturer Actar Publishers,
Date of production, publication, distribution, manufacture, or copyright notice 2019.
300 ## - PHYSICAL DESCRIPTION
Extent 220 pages :
Other physical details illustrations, plans ;
Dimensions 21 cm
336 ## - CONTENT TYPE
Content type term text
Content type code txt
Source rdacontent
336 ## - CONTENT TYPE
Content type term still image
Content type code sti
Source rdacontent
337 ## - MEDIA TYPE
Media type term unmediated
Media type code n
Source rdamedia
338 ## - CARRIER TYPE
Carrier type term volume
Carrier type code nc
Source rdacarrier
500 ## - GENERAL NOTE
General note Subtitle from spine.
504 ## - BIBLIOGRAPHY, ETC. NOTE
Bibliography, etc. note Includes bibliographical references.
520 ## - SUMMARY, ETC.
Summary, etc. "The Under the Influence book is based on the eponymous symposium, which brought together scholars and practitioners of architecture in order to focus on one of the most anxious disciplinary topics: influence. The symposium invited each of the participants to illuminate a single term -- a disciplinary synonym for appropriation -- and through that term, the specific strategies, historical, and disciplinary circumstances in which it is enmeshed. It was organized and hosted by Ana Miljački, and presented by the MIT Department of Architecture. With some small additions this is a reprint of that book. Influence is not easily quantified. It is elusive, even when we casually admit to it as we ogle images on the internet, or feel ourselves softening our resolve on an important issue in light of a beautifully crafted piece of rhetoric; or as the mass-media drone imperceptibly rewires some of our most fundamental desires. When Under the Influence symposium took place at MIT in 2012 [that is, 2013], the invitation to discuss issues of originality and copying in architecture were still taboo. There have been a number of projects on the topic since, but they have hardly exhausted the topics of copying and copyright, whose importance increases with every act of scrolling or 'liking' architectural images on Instagram."--
Assigning source Provided by publisher.
545 0# - BIOGRAPHICAL OR HISTORICAL DATA
Biographical or historical data Ana Miljački, PhD is an Assistant Professor of Architecture at Massachusetts Institute of Technology where she teaches theory and design.
650 #0 - SUBJECT ADDED ENTRY--TOPICAL TERM
Topical term or geographic name entry element Appropriation (Architecture)
Form subdivision Congresses.
650 #0 - SUBJECT ADDED ENTRY--TOPICAL TERM
Topical term or geographic name entry element Architecture
Form subdivision Congresses.
650 #0 - SUBJECT ADDED ENTRY--TOPICAL TERM
Topical term or geographic name entry element Influence (Literary, artistic, etc.)
Form subdivision Congresses.
650 #0 - SUBJECT ADDED ENTRY--TOPICAL TERM
Topical term or geographic name entry element Intellectual property
Form subdivision Congresses.
650 #6 - SUBJECT ADDED ENTRY--TOPICAL TERM
Topical term or geographic name entry element Influence littéraire, artistique, etc.
Form subdivision Congrès.
650 #6 - SUBJECT ADDED ENTRY--TOPICAL TERM
Topical term or geographic name entry element Allusions dans l'art
Form subdivision Congrès.
650 #6 - SUBJECT ADDED ENTRY--TOPICAL TERM
Topical term or geographic name entry element Similarité (Psychologie)
Form subdivision Congrès.
655 #7 - INDEX TERM--GENRE/FORM
Genre/form data or focus term Conference papers and proceedings.
Source of term lcgft
Authority record control number or standard number http://id.loc.gov/authorities/genreForms/gf2014026068
655 #7 - INDEX TERM--GENRE/FORM
Genre/form data or focus term Conference papers and proceedings.
Source of term lcgft
700 1# - ADDED ENTRY--PERSONAL NAME
Personal name Miljački, Ana,
Relator term editor.
710 2# - ADDED ENTRY--CORPORATE NAME
Corporate name or jurisdiction name as entry element Massachusetts Institute of Technology.
Subordinate unit School of Architecture and Planning,
Relator term host institution.
711 2# - ADDED ENTRY--MEETING NAME
Meeting name or jurisdiction name as entry element Under the Influence (Symposium)
Date of meeting or treaty signing (2013 :
Location of meeting Cambridge, Mass.)
906 ## - LOCAL DATA ELEMENT F, LDF (RLIN)
a 7
b cbc
c copycat
d 2
e ncip
f 20
g y-gencatlg
925 0# -
-- acquire
-- 1 shelf copy
-- policy default
Holdings
Withdrawn status Lost status Source of classification or shelving scheme Damaged status Not for loan Permanent Location Current Location Date acquired Source of acquisition Cost, normal purchase price Barcode Date last seen Cost, replacement price Price effective from Koha item type
          BMS College of Architecture, Design and Planning BMS College of Architecture, Design and Planning 2023-03-06 10 1304.38 AR-RD176 2023-03-06 1863.40 2023-03-06 R&D Books
Copyright © 2025, The Librarian, Library and Information Centre, BMSCA D&P, Bengaluru. All Rights Reserved
web counter

Powered by Koha